000
00302nam a2200133Ia 4500
100
_a
Gupta/C.B; Ratna/V
942
_c
BK
654
_a
Stat. Calculation
245
_a
Statistical Calculation
260
_b
Vikas Publishing House
_a
Delhi
_c
1973
082
_a
519.5
300
_a
655
546
_a
ENGLISH
999
_c
28175
_d
28175